Směšné divadlo Luďka Soboty

Hlavní autor: Sobota, Luděk, 1943-
Korporativní autor: Bigband Felixe Slováčka
Další autoři: Wimmer, Jiří, 1943-2001, Skamene, Roman, 1954-, Sobotová, Adriena, 1961-
Jazyk: Čeština
Vydáno: Praha : 6P, c1992
Témata:
Fyzický popis: 1 MC : stereo + 1 složený list.
Zvukové nahrávky
Uloženo v:
LEADER 01232njm a2200313 a 4500
001 000292313
003 CZ BrMZK
005 20201126091442.0
008 950101s1992 xr f cze d
028 0 3 |a X10010 4 391  |b 6P 
040 |a BOA001  |b cze 
080 |a 7.091(086.7)  |2 MRF 
100 1 |a Sobota, Luděk,  |d 1943-  |7 jk01120244  |4 aut  |4 prf 
245 1 0 |a Směšné divadlo Luďka Soboty  |h [zvukový záznam] /  |c Luděk Sobota. 
246 1 4 |a Když je (Luděk) Sobota není (Jiří) Wimmer (Roman) Skamene 
260 |a Praha :  |b 6P,  |c c1992 
300 |a 1 MC :  |b stereo +  |e 1 složený list. 
500 |a Durata neuv 
500 |a Nahr. neuv 
511 0 |a Spoluúčinkují: Jiří Wimmer; Roman Skamene; Adriena Vlasáková. Orchestr Felixe Slováčka. 
653 0 |a divadelní zábavné pořady 
700 1 |a Wimmer, Jiří,  |d 1943-2001  |7 jo20000080430  |4 prf 
700 1 |a Skamene, Roman,  |d 1954-  |7 jn19990009983  |4 prf 
700 1 |a Sobotová, Adriena,  |d 1961-  |7 ola2005262923  |4 prf 
710 2 |a Bigband Felixe Slováčka  |7 ko2003181142  |4 prf 
910 |a BOA001  |b KZ-0003.123 
964 |a Pořady divadelní zábavné  |x MC 
990 |a AV 
996 6 |b 2610462400  |c KZ-0003.123  |l MZK  |r Sklad / do 24 hodin  |n 0  |w 000292313  |u 000010  |a 1  |e BOA001  |j MZK50  |s P